000 00697nam a2200193 a 4500
001 ASIN0070942692
005 20150505090542.0
008 150505s1971 xxu eng d
020 _a0070942692 (paperback)
020 _a9780070942691 (paperback)
100 1 _aBIRCHALL, GEOFFREY SEDDON STOTT' 'G.
245 1 0 _aElectrical principles for installation and craft students /
_cGEOFFREY SEDDON STOTT' 'G. BIRCHALL.
260 _a[S.l.] :
_bMCGRAW-HILL EDUCATION,
_c1971.
300 _a164 p.
490 1 _aTechnical education series.
500 _aImport.
830 0 _aTechnical education series.
856 4 0 _3Amazon.com
_uhttp://www.amazon.com/exec/obidos/ASIN/0070942692/chopaconline-20
999 _c13442
_d13442